00337nam a2200121Ia 4500008004100000041000800041082001600049100002700065245004000092260003800132300003400170365001100204240624s9999 xx 000 0 und d aeng a332.642 SAH aSAHA SIDDHARTHA SANKAR aINDIAN FINANCIAL SYSTEM AND MARKETS c2012aNew DelhibTata McGraw-Hill axxviii, : 559 : p. : cm. ; 23 cRSb27